000 00344nam a2200145Ia 4500
005 20251222152609.0
008 251222s9999||||xx |||||||||||||| ||spa||
020 _a9789876582391
082 _a863/G18
100 _aGamboa, Jeremías
245 0 _aContarlo Todo
250 _a1ra.ed.
264 _bRandon Hause Mondadori, S.A.
942 _cLIB
999 _c26895
_d26895